| 000 | 00971nas a2200301 4500 | ||
|---|---|---|---|
| 001 | BR2019002073 | ||
| 003 | BR-BrBNA | ||
| 005 | 20231205132025.0 | ||
| 007 | ta | ||
| 008 | 230509b bl.|||p| |||| 00| 00por d | ||
| 040 |
_aBR-BrBNA _bpor _cBiblioteca Nacional de Agricultura |
||
| 041 | _a(En) | ||
| 072 | _aF02 | ||
| 100 | 1 | _aSampaio, A.H.R. | |
| 100 | 1 | _aCoelho Filho, M.A. | |
| 100 | 1 | _aSouza, L.D. | |
| 100 | 1 | _aBrito, R.B.F. | |
| 100 | 1 | _aSilva, R.O. da | |
| 245 | 1 | _aYield and quality of pera sweet orange grafted on different rootstocks under rainfed conditions | |
| 650 | _aLARANJA PERA | ||
| 650 | _aPORTA ENXERTO | ||
| 650 | _aPROPAGAÇÃO VEGETATIVA | ||
| 650 | _aRENDIMENTO | ||
| 773 | 0 |
_tRevista Brasileira de Fruticultura (Brazil) _xISSN 1806-9967 _g(2016), v. 38(3) p. 1-9 _wBR2019002073 |
|
| 856 | 4 | 0 | _uhttp://www.scielo.br/pdf/rbf/v38n3/0100-2945-rbf-38-3-e-770.pdf |
| 909 |
_a202311 _bLúcia _c55 _dLúcia Elande |
||
| 942 |
_2AGRIS _n0 _cANA |
||
| 999 |
_c258025 _d258025 |
||